Bhulle wisare shahīda, (Record no. 55255)

MARC details
000 -LEADER
fixed length control field 00625cam a22002291 4500
001 - CONTROL NUMBER
control field sa 63003726
003 - CONTROL NUMBER IDENTIFIER
control field DLC
005 - DATE AND TIME OF LATEST TRANSACTION
control field 20260227111944.0
008 - FIXED-LENGTH DATA ELEMENTS--GENERAL INFORMATION
fixed length control field 890703s1963 ii 000 0 pano
010 ## - LIBRARY OF CONGRESS CONTROL NUMBER
LC control number sa 63003726
025 ## - OVERSEAS ACQUISITION NUMBER
Overseas acquisition number PL480:I-Pu-219
035 ## - SYSTEM CONTROL NUMBER
System control number (OCoLC)19959804
040 ## - CATALOGING SOURCE
Original cataloging agency DLC
Transcribing agency WaU
Modifying agency NSyU
-- DLC
042 ## - AUTHENTICATION CODE
Authentication code premarc
050 00 - LIBRARY OF CONGRESS CALL NUMBER
Classification number PK2659.K45
Item number B5
100 1# - MAIN ENTRY--PERSONAL NAME
Personal name Khanna, Guranditta.
245 10 - TITLE STATEMENT
Title Bhulle wisare shahīda,
Statement of responsibility, etc. lekhaka Gurāṃ Dittā Khannā.
250 ## - EDITION STATEMENT
Edition statement [Pahilī wāra.]
260 ## - PUBLICATION, DISTRIBUTION, ETC.
Place of publication, distribution, etc. Ammritasara,
Name of publisher, distributor, etc. Loka Sāhit Prakāshana
Date of publication, distribution, etc. [1963]
300 ## - PHYSICAL DESCRIPTION
Extent 144 p.
Dimensions 19 cm.
500 ## - GENERAL NOTE
General note In Panjabi.

No items available.

Powered by Koha